000 00539nam a22001817a 4500
003 ELib
005 20140310181802.0
008 130307t xxu||||| |||| 00| 0 eng d
020 _a9710845853
050 _aPL 6056
_b.D321 1968
082 _aREF 423
_bD365 1968
245 _aDiksyunaryo English- Filipino :
_cMaria Odulio De Guzman.
_bFilipino- English /
260 _aMetro Manila :
_b National Bookstore, Inc,
_c1968.
300 _a197 p. :
_c17 cm.
650 _aDictionary
_xEnglish
_xFilipino
942 _2lcc
_cBK
999 _c3646
_d3646